| 000 | 00466nam a2200181Ia 4500 | ||
|---|---|---|---|
| 001 | 24372 | ||
| 005 | 20260414151038.0 | ||
| 008 | 260414t2005||||xx |||||||||||||| ||spa|| | ||
| 041 | _aESP | ||
| 082 |
_a345.7 _bC17 |
||
| 100 |
_aCalamandrei, Piero _eAUT |
||
| 245 | 0 |
_aIntroducción al estudio sistemático de las providencias cautelares _b |
|
| 260 | _c2005 | ||
| 300 |
_a246 páginas : _c24 cm. |
||
| 650 | _aDER | ||
| 654 | _aCDE | ||
| 942 |
_cLIB _dJUS _fJUS _2ddc _n |
||
| 999 |
_c24372 _d24372 |
||